[Event "13th S&WYM"]
[Site "Millfield School ENG"]
[Date "2003.07.15"]
[Round "7"]
[White "Bigg,A"]
[Black "Mah,K"]
[Result "0-1"]
[WhiteElo "2287"]
[BlackElo "2418"]

1.d4 Nf6 2.Bg5 e6 3.e4 h6 4.Bxf6 Qxf6 5.c3 d6 6.Bd3 g6 7.Ne2 e5 8.O-O Bg7
9.f4 Qe7 10.Nd2 O-O 11.Qb3 Nd7 12.Nf3 Kh7 13.Rae1 a6 14.h3 c5 15.dxe5 dxe5
16.f5 b5 17.Bb1 c4 18.Qc2 Nc5 19.Nc1 Bb7 20.Qf2 Bf6 21.Nh2 Rad8 22.Ng4 Bg5
23.f6 Qc7 24.h4 Bxc1 25.Rxc1 h5 26.Nh2 Bxe4 27.Bxe4 Nxe4 28.Qe3 Qc5 29.Qxc5 Nxc5
30.Nf3 Nd3 31.Ng5+ Kg8 32.Rc2 Nc5 33.Re2 Rfe8 34.Ne4 Nxe4 35.Rxe4 Re6 36.Rfe1 Rd5
37.Kh2 Kf8 38.Kh3 Rxf6 39.Rxe5 Rxe5 40.Rxe5 Rf2 41.a4 Rxb2 42.axb5 axb5  0-1

[Event "25th Politiken Cup"]
[Site "Copenhagen DEN"]
[Date "2003.07.16"]
[Round "3"]
[White "Rasmussen,K"]
[Black "Harestad,H"]
[Result "1-0"]
[WhiteElo "2437"]
[BlackElo "2249"]

1.d4 Nf6 2.Bg5 e6 3.e4 h6 4.Bxf6 Qxf6 5.Nc3 Bb4 6.Qd2 e5 7.dxe5 Qxe5 8.Bd3 Bxc3
9.bxc3 d6 10.Nf3 Qf6 11.O-O O-O 12.Nd4 Nd7 13.f4 Nc5 14.Rae1 Bd7 15.e5 dxe5
16.fxe5 Qg5 17.Qf2 b6 18.Re3 Nxd3 19.cxd3 c5 20.Nf3 Qg6 21.Nd2 Bc6 22.Nc4 f5
23.Rg3 Qe6 24.Qf4 Kh7 25.h4 Rae8 26.h5 Qd5 27.Rg6 Re6 28.Ne3 Qxe5 29.Qxe5 Rxe5
30.Nc4  1-0

[Event "BCSA Open"]
[Site "Batumi GEO"]
[Date "2003.07.17"]
[Round "1"]
[White "Benidze,D"]
[Black "Pantsulaia,L"]
[Result "1/2-1/2"]
[WhiteElo "2146"]
[BlackElo "2461"]

1.d4 Nf6 2.Bg5 e6 3.e4 c5 4.d5 h6 5.Bxf6 Qxf6 6.Nc3 d6 7.Nf3 e5 8.g3 g6 9.Bg2 Bg7
10.O-O O-O 11.Nd2 b6 12.a4 Nd7 13.Nc4 a6 14.Kh1 Rb8 15.f4 exf4 16.gxf4 Qe7
17.Qe2 Bb7 18.Rae1 Rfe8 19.Qf3 Ba8 20.Qg3 b5 21.Na5 bxa4 22.Nxa4 Nf6 23.Nc4 Nd7
24.b3 Bd4 25.Nab2 Bf6 26.Qh3 Bg7 27.Nd3 Nf6 28.e5 Nxd5 29.Nxd6 Red8 30.f5 Rxd6
31.exd6 Qxd6 32.fxg6 Qxg6 33.Qg3 Qxg3 34.hxg3 Bd4 35.Bxd5 Bxd5+ 36.Kh2 Be6
37.Nf4 Bf5 38.Re2 Rd8 39.Nd3 Bg6 40.Nf4 Bf5 41.Nd3 Bg6 42.g4 Bxd3 43.cxd3 Rb8
44.Rb1 a5 45.Ree1 Kg7 46.Kg2 Rb6  1/2-1/2

[Event "BCSA Open"]
[Site "Batumi GEO"]
[Date "2003.07.20"]
[Round "4"]
[White "Galstian,B"]
[Black "Petrosian,D"]
[Result "0-1"]
[WhiteElo "2271"]
[BlackElo "2378"]

1.d4 Nf6 2.Bg5 e6 3.e4 c5 4.e5 h6 5.Bc1 Nh7 6.Bd3 cxd4 7.Bxh7 Qa5+ 8.Nd2 Rxh7
9.Nf3 Nc6 10.O-O Nxe5 11.Nxd4 Qd5 12.N2b3 b6 13.Qe2 Bb7 14.f3 Nc4 15.a4 Bd6
16.Nb5 Bb8 17.Rd1 Qc6 18.N3d4 Qc5 19.b3 Na5 20.b4 Qxb4 21.Qd3 g6 22.Nxe6 fxe6
23.Qxg6+ Rf7 24.Ba3 Qf4 25.Nd6+ Bxd6 26.Rxd6 O-O-O 27.Rad1 Qe3+ 28.Kh1 Rxf3
29.Rxd7 Rf1+ 30.Rxf1 Rxd7 31.Bc1 Qe4 32.Qg3 h5 33.Bg5 Bc6 34.h3 Kb7 35.Rf8 Qxc2
36.Be3 Qxa4 37.Qb8+ Ka6 38.Rf4 Qd1+ 39.Kh2 Rg7 40.Rf2 Qd5 41.Qc8+ Nb7  0-1

[Event "BCSA Open"]
[Site "Batumi GEO"]
[Date "2003.07.25"]
[Round "9"]
[White "Galstian,B"]
[Black "Khurtsidze,N"]
[Result "0-1"]
[WhiteElo "2271"]
[BlackElo "2440"]

1.d4 Nf6 2.Bg5 e6 3.Nd2 h6 4.Bh4 c5 5.e3 Be7 6.c3 b6 7.Ngf3 cxd4 8.exd4 Ba6
9.Bxa6 Nxa6 10.O-O O-O 11.Ne5 Nc7 12.f4 Nfd5 13.Bxe7 Qxe7 14.Qf3 Rac8 15.Ne4 d6
16.Nd3 b5 17.a4 a6 18.Qh3 f5 19.Nd2 Rfd8 20.Rfe1 Qd7 21.Qf3 Rb8 22.Nf1 bxa4
23.Qd1 Nb6 24.Ne3 Ncd5 25.Qf3 a5 26.Re2 Re8 27.h3 Qb5 28.Nf1 Nc4 29.Rae1 a3
30.bxa3 Nxc3 31.Rxe6 Rxe6 32.Rxe6 Qd5 33.Qxd5 Nxd5 34.a4 Rb3 35.Ne1 Nxf4
36.Re8+ Kf7 37.Rc8 Rb4 38.Rc7+ Kf6 39.g3 Ne6 40.Rc8 Nxd4 41.Nd3 Rxa4 42.Nf4 g5
43.Nd5+ Ke5 44.Nc3 Rb4 45.Na2 Rb2 46.Nc1 Nf3+ 47.Kh1 Kd4 48.g4 Ne3  0-1

[Event "BCSA Open"]
[Site "Batumi GEO"]
[Date "2003.07.25"]
[Round "9"]
[White "Azaladze,S"]
[Black "Kordzaia,R"]
[Result "1/2-1/2"]
[WhiteElo "2215"]
[BlackElo "2223"]

1.d4 Nf6 2.Bg5 e6 3.e4 h6 4.Bxf6 Qxf6 5.Nf3 d6 6.c3 g6 7.Bd3 Bg7 8.O-O O-O
9.Nbd2 c5 10.dxc5 dxc5 11.a4 Rd8 12.Qe2 Nc6 13.a5 Ne5 14.Nxe5 Qxe5 15.Bb5 Bd7
16.Rfd1 Qc7 17.Qc4 h5 18.Qa4 Bxb5 19.Qxb5 Qd7 20.Qxd7 Rxd7 21.Nc4 Rad8 22.Rxd7 Rxd7
23.Kf1 Kf8 24.Ke2 Ke7 25.a6 b5 26.Na3 b4 27.Nb5 bxc3 28.bxc3 Be5 29.g3 g5
30.Ra4 f6 31.Rc4 Bd6 32.h3 Kd8 33.g4 hxg4 34.hxg4 Be7 35.e5 fxe5 36.Re4 Bf6
37.c4 Ke7 38.Re3 e4 39.Rxe4 Bd4 40.f4 gxf4 41.Rxf4 e5 42.Rf5 Ke6 43.Rh5 e4
44.Rd5 Rf7 45.Nxd4+ cxd4 46.Rxd4 Ke5 47.Rd5+ Kf4 48.g5 Rh7 49.g6 Rh2+ 50.Kf1 e3
51.g7 e2+ 52.Ke1 Rg2 53.g8=Q Rxg8 54.Kxe2 Rg6 55.Kd3 Rxa6 56.Kc3 Ke4 57.Rd4+ Ke5
58.Rd5+ Ke6 59.Rh5 Ra1 60.Kb4 Kd6 61.c5+ Kc6 62.Rh6+ Kc7 63.Kb5 a6+ 64.Kc4 Rc1+
65.Kd5 Rd1+ 66.Kc4  1/2-1/2

[Event "ch-NED Open"]
[Site "Dieren NED"]
[Date "2003.07.25"]
[Round "4"]
[White "Wilgenhof,O"]
[Black "Bosboom,M"]
[Result "0-1"]
[WhiteElo "2247"]
[BlackElo "2440"]

1.d4 Nf6 2.Bg5 e6 3.e4 h6 4.Bxf6 Qxf6 5.Nc3 d6 6.Qd2 c6 7.f4 e5 8.fxe5 dxe5
9.dxe5 Qxe5 10.O-O-O Qg5 11.Qxg5 hxg5 12.Nf3 g4 13.Ne5 Rh5 14.Nc4 Be6 15.Be2 Nd7
16.h3 Rc5 17.Ne3 gxh3 18.gxh3 g6 19.Bg4 Bh6 20.Rde1 f5 21.exf5 gxf5 22.Kb1 O-O-O
23.Ned1 Re5 24.Bf3 Bd2 25.Re2 Rxe2 26.Bxe2 Ne5 27.h4 f4 28.Nf2 Bxc3 29.bxc3 Rd2
30.Re1 f3 31.Bd3 Rxf2 32.Rxe5 Kd7 33.Re3 c5 34.Kc1 Kd6 35.Be4 Bg4 36.Bxb7 Rf1+
37.Kb2 f2 38.Ba6 Re1 39.Rg3 Rg1 40.Rd3+ Kc6 41.Rd2 f1=Q 42.Bxf1 Rxf1 43.Rh2 Bh5
44.a3 Kb5 45.Kb3 Bf7+ 46.Kb2 Bh5 47.Kb3 Rf4 48.Ka2 Kc4 49.Kb2 Re4 50.Rh1 Re2
51.Rf1 Bg6 52.Rf4+ Be4 53.Kc1 Rxc2+ 54.Kd1 Ra2  0-1

[Event "GM"]
[Site "Aarhus DEN"]
[Date "2003.07.28"]
[Round "2"]
[White "Berg,K"]
[Black "Stefansson,H"]
[Result "0-1"]
[WhiteElo "2439"]
[BlackElo "2560"]

1.d4 Nf6 2.Bg5 e6 3.e4 h6 4.Bxf6 Qxf6 5.Nc3 d6 6.Qd2 c6 7.O-O-O e5 8.g3 exd4
9.Qxd4 Qxd4 10.Rxd4 Be7 11.Bh3 Bxh3 12.Nxh3 Nd7 13.f4 O-O-O 14.Nf2 Nc5 15.Rhd1 Kc7
16.b4 Nd7 17.Ng4 Rhe8 18.Ne3 Nb6 19.Nf5 Bf6 20.e5 dxe5 21.Rxd8 Rxd8 22.Rxd8 Kxd8
23.Ne4 exf4 24.gxf4 Nd5 25.Nxf6 Nxf6 26.Nxg7 Kd7 27.c4 Ng4 28.h3 Ne3 29.c5 Nd5
30.Nf5 Nxf4 31.Nxh6 Ke6 32.Ng4 Nxh3 33.Kd2 Nf4 34.Kc3 f5 35.Nf2 Kd5 36.Nd1 Ke4
37.Nb2 Nd5+ 38.Kb3 f4  0-1

[Event "FSGM August"]
[Site "Budapest HUN"]
[Date "2003.08.02"]
[Round "1"]
[White "Richter,Mic"]
[Black "Tatai,S"]
[Result "1-0"]
[WhiteElo "2428"]
[BlackElo "2343"]

1.d4 Nf6 2.Bg5 e6 3.e3 d5 4.Bd3 Nbd7 5.Nd2 e5 6.c4 exd4 7.exd4 dxc4 8.Bxc4 Be7
9.Ngf3 O-O 10.O-O Nb6 11.Bb3 Nfd5 12.Bxe7 Qxe7 13.Re1 Qd8 14.Ne5 Be6 15.Qf3 f6
16.Nc6 Qd7 17.Na5 Rab8 18.Ne4 Bf7 19.Nc5 Qc8 20.h4 h5 21.Bc2 g6 22.Qg3 Kh7
23.Rac1 Nd7 24.Ne6 Re8 25.Be4 N7b6 26.Nxc7 Rxe4 27.Rxe4 Na8 28.Qd6 Naxc7
29.Re7 Nxe7 30.Rxc7 Qd8 31.Rd7 Qxa5 32.Qxe7  1-0

[Event "Ron Banwell Masters"]
[Site "Blackpool ENG"]
[Date "2003.08.05"]
[Round "3"]
[White "Walton,A"]
[Black "Horner,J"]
[Result "0-1"]
[WhiteElo "2158"]
[BlackElo "2354"]

1.d4 Nf6 2.Bg5 e6 3.e4 h6 4.Bxf6 Qxf6 5.Nc3 Bb4 6.Qd2 c5 7.e5 Qe7 8.Nf3 cxd4
9.Qxd4 Nc6 10.Qe3 O-O 11.O-O-O d5 12.exd6 Bxd6 13.Ne4 Bc7 14.Bb5 Nb4 15.Qa3 f5
16.Nc3 a6 17.Be2 b5 18.Rd4 Bd6 19.Qb3 Bb7 20.Rhd1 Rad8 21.Ne5 Nd5 22.Nxd5 Bxd5
23.Qg3 f4 24.Qg6 Bxe5 25.Bd3 Rf6  0-1

[Event "ch-SLO"]
[Site "Bled SLO"]
[Date "2003.08.09"]
[Round "8"]
[White "Soln,P"]
[Black "Zorko,Ju"]
[Result "1/2-1/2"]
[WhiteElo "2378"]
[BlackElo "2219"]

1.d4 Nf6 2.Bg5 e6 3.Nf3 c5 4.e3 Qb6 5.Qc1 Ne4 6.Bh4 cxd4 7.exd4 Nc6 8.c3 d5
9.Nbd2 f5 10.Be2 Bd6 11.Nxe4  1/2-1/2

[Event "Open"]
[Site "Vienna AUT"]
[Date "2003.08.19"]
[Round "4"]
[White "Richter,Mic"]
[Black "Roth,Pe"]
[Result "1-0"]
[WhiteElo "2428"]
[BlackElo "2289"]

1.d4 Nf6 2.Bg5 e6 3.e3 c5 4.c3 b6 5.Nf3 Bb7 6.Nbd2 cxd4 7.exd4 Be7 8.Bd3 d6
9.O-O Nbd7 10.Qe2 Qc7 11.Rac1 Nd5 12.c4 Nb4 13.Bb1 Bxg5 14.Nxg5 Nc6 15.d5 Nd4
16.Qe3 e5 17.f4 f6 18.fxe5 dxe5 19.Nb3 fxg5 20.Nxd4 Qc5 21.Nf5 O-O 22.Qxc5 bxc5
23.Nd6 Rxf1+ 24.Rxf1 Ba6 25.Bf5 Nf6 26.b3 g6 27.Bc8 Bxc8 28.Rxf6 Bd7 29.Ne4 Rc8
30.Ra6  1-0

[Event "Open"]
[Site "Porto San Giorgo ITA"]
[Date "2003.08.23"]
[Round "3"]
[White "Piva,G"]
[Black "Rotstein,A"]
[Result "0-1"]
[WhiteElo "2165"]
[BlackElo "2544"]

1.d4 Nf6 2.Bg5 e6 3.Nd2 c5 4.e3 Be7 5.c3 O-O 6.Bd3 cxd4 7.exd4 Nc6 8.Ngf3 b6
9.O-O Bb7 10.Re1 Nd5 11.Bxe7 Ncxe7 12.a4 a6 13.Bf1 Ng6 14.c4 Nb4 15.Qb3 a5
16.Rac1 Rc8 17.Qe3 d5 18.b3 Qd6 19.c5 bxc5 20.dxc5 Qf4 21.Bb5 Qxe3 22.fxe3 Rc7
23.e4 Rfc8 24.exd5 Bxd5 25.Re3 Rxc5 26.Rxc5 Rxc5 27.Nc4 Bxc4 28.bxc4 Ne7
29.Nd2 Nf5 30.Nb3 Rxb5  0-1

[Event "ch-ISL"]
[Site "Hafnarborg ISL"]
[Date "2003.08.24"]
[Round "1"]
[White "Thorhallsson,T"]
[Black "Sigfusson,S"]
[Result "1-0"]
[WhiteElo "2444"]
[BlackElo "2323"]

1.d4 Nf6 2.Bg5 e6 3.Nc3 d5 4.e4 dxe4 5.Nxe4 Be7 6.Bxf6 gxf6 7.Nf3 b6 8.Bc4 Bb7
9.Qe2 Rg8 10.O-O-O Rg4 11.d5 Qc8 12.Nd4 e5 13.Nb5 f5 14.Ng3 Bd6 15.Bd3 Qd8
16.Nxf5 Rxg2 17.Be4 Rg6 18.Nfxd6+ cxd6 19.Bxg6 hxg6 20.h4 Na6 21.h5 gxh5
22.f4  1-0

[Event "Open"]
[Site "Porto San Giorgo ITA"]
[Date "2003.08.24"]
[Round "4"]
[White "Miladinovic,I"]
[Black "Ortega,Le"]
[Result "1/2-1/2"]
[WhiteElo "2609"]
[BlackElo "2437"]

1.d4 Nf6 2.Bg5 e6 3.e3 h6 4.Bh4 c5 5.c3 b6 6.Nd2 Bb7 7.Ngf3 Be7 8.Bg3 O-O
9.Bd3 d6 10.h3 Ba6 11.Bxa6 Nxa6 12.Qe2 Qc8 13.O-O Qb7 14.e4 cxd4 15.Nxd4 Nc5
16.Rfe1 Rac8 17.a4 Rfe8 18.b4 Ncd7 19.c4 d5 20.e5 Nh7 21.b5 Bb4 22.Nc6 Bxd2
23.Qxd2 dxc4 24.Qb4 Nb8 25.Nxb8 Qxb8 26.Rac1 Qc7 27.Qc3 Red8 28.Re4 Nf8 29.Kh2 Qd7
30.Rxc4 Rxc4 31.Qxc4 Ng6 32.Qc7 h5 33.h4 Ne7 34.a5 Nd5 35.Qxd7 Rxd7 36.Rc8+ Kh7
37.axb6 axb6 38.f3 Ra7 39.Rc2 Ra4 40.Rb2 Kg6 41.Kh3 Kf5 42.Bh2 Rc4 43.Bg3 Rc5
44.Kh2 Rc1 45.Rb3 Rc2 46.Kh3 Rc5 47.Kh2 Rc1 48.Rb2 Ne3 49.Bf2 Nd1 50.g4+ Kg6
51.Rd2 Nxf2 52.Rxf2 Rb1 53.Kg3 Rxb5 54.Re2 Rc5 55.Re4 b5 56.gxh5+ Kxh5 57.Rf4 Rc7
58.Rg4 Rb7 59.Rb4 Kg6 60.Kg4 f5+ 61.exf6 Kxf6 62.Kf4 e5+ 63.Ke3 Ke6 64.Kd2 Kd6
65.f4 Kc5 66.Re4 exf4 67.Rxf4 Ra7 68.Rg4 Kb6 69.Kc2 Rc7+ 70.Kb3 Rf7 71.Kb4  1/2-1/2

[Event "Open"]
[Site "Vienna AUT"]
[Date "2003.08.24"]
[Round "9"]
[White "Hansen,Kay"]
[Black "Zsifkovits,R"]
[Result "1-0"]
[WhiteElo "2230"]
[BlackElo "2118"]

1.d4 Nf6 2.Bg5 e6 3.Nf3 Be7 4.Nbd2 c5 5.c3 b6 6.e4 Bb7 7.Bd3 d6 8.Qe2 Nc6
9.Rc1 e5 10.Bb5 Nd7 11.Nc4 f6 12.d5 Ncb8 13.Bh4 O-O 14.g4 a6 15.Bxd7 Nxd7
16.Ne3 Rf7 17.Rg1 Nf8 18.g5 Ng6 19.gxf6 Bxf6 20.Nf5 Bc8 21.Bg5 Bxf5 22.exf5 Nf4
23.Bxf4 exf4 24.Kd2 Qd7 25.Qe6 Qa4 26.Rce1 Qxa2 27.Kc2 Qa4+ 28.Kb1 Qb5 29.Kc2 Qa4+
30.Kc1 Rd8 31.Ng5 Qa1+ 32.Kc2 Qa4+ 33.Kb1 Bxg5 34.Rxg5 Qd7 35.Reg1 Kf8 36.Rxg7 Rxg7
37.Qf6+ Kg8 38.Rxg7+ Qxg7 39.Qxd8+ Qf8 40.Qg5+ Qg7 41.Qxf4 Qf6 42.Qe4 b5
43.Qe6+ Kg7 44.Ka2 a5 45.Kb3 Qd8 46.Qe2 Qd7 47.Qg4+ Kf6 48.Qf4 Qc7 49.h4 c4+
50.Ka2 Qe7 51.h5 b4 52.Qh4+ Kf7 53.Qxc4 bxc3 54.Qxc3 Qe4 55.Qc7+ Kf6 56.Qxd6+ Kg5
57.Qg3+ Kf6 58.Qd6+ Kg5 59.f6 Qc4+ 60.Ka3 a4 61.Qe5+ Kh6 62.Qe3+ Kxh5 63.d6 Qd5
64.Kxa4 Qa2+ 65.Qa3 Qc4+ 66.Ka5 Qd5+ 67.Kb6 Qd4+ 68.Qc5+  1-0

[Event "Open"]
[Site "Porto San Giorgo ITA"]
[Date "2003.08.26"]
[Round "6"]
[White "Goes,Di"]
[Black "Tomescu,V"]
[Result "1/2-1/2"]
[WhiteElo "2122"]
[BlackElo "2427"]

1.d4 Nf6 2.Bg5 e6 3.e3 h6 4.Bh4 b6 5.Be2 Be7 6.Bf3 d5 7.Nd2 c6 8.Bg3 O-O
9.c4 Ba6 10.Qc2 Bb4 11.cxd5 cxd5 12.a3 Be7 13.Ne2 Qd7 14.Rc1 Rc8 15.Qb1 Rxc1+
16.Nxc1 Qb7 17.b4 Bb5 18.Na2 Qa6 19.Nc3 Bd3 20.Qb3 Nbd7 21.Be2 Bxe2 22.Nxe2 Rc8
23.Nb1 Qc4 24.Qxc4 Rxc4 25.Kd2 b5 26.Kd3 Nb6 27.Nec3 a6 28.Nd2 Rc8 29.Nb3 Nc4
30.Nc5 Bxc5 31.dxc5 e5 32.a4 a5 33.axb5 axb4 34.Nxd5 Nb2+ 35.Kc2 Rxc5+ 36.Kxb2 Rxd5
37.b6 Rb5 38.Rd1 Kh7 39.b7 Rxb7 40.Bxe5 Ne4 41.f3 Nc5 42.Rd5 Ne6 43.Kb3 Ra7
44.Bb2 Rc7 45.Be5 Rc1 46.Rd2 Rb1+ 47.Bb2 Re1 48.Bd4 Rb1+ 49.Bb2 Re1 50.Bd4  1/2-1/2

[Event "VII Pablo Gorbea"]
[Site "Madrid ESP"]
[Date "2003.09.05"]
[Round "5"]
[White "Solaesa Navalpotro,L"]
[Black "Sanjuan Morigosa,I"]
[Result "1-0"]
[WhiteElo "2239"]
[BlackElo "2042"]

1.d4 Nf6 2.Bg5 e6 3.e4 Be7 4.e5 Nd5 5.Bd2 c5 6.c4 Nb6 7.dxc5 Bxc5 8.Qg4 Bf8
9.Nc3 Nc6 10.Nf3 a6 11.Ne4 Nb4 12.Nd6+ Bxd6 13.Qxg7 Bf8 14.Qxh8 Nc2+ 15.Kd1 Nxa1
16.Bb4 d6 17.Bxd6 Nd7 18.Kc1 Qa5 19.Kb1 Qa4 20.Bd3 Nb3 21.axb3 Qxb3 22.Qxh7 Nf6
23.exf6 Bxd6 24.Qg8+ Kd7 25.Qxf7+ Kc6  1-0

[Event "TCh-CRO w"]
[Site "Rabac CRO"]
[Date "2003.09.10"]
[Round "4"]
[White "Poljak,S"]
[Black "Franciskovic,B"]
[Result "1/2-1/2"]
[WhiteElo "2012"]
[BlackElo "2034"]

1.d4 Nf6 2.Bg5 e6 3.e4 h6 4.Bxf6 Qxf6 5.c3 d6 6.Bd3 e5 7.Ne2 g6 8.O-O Bg7
9.f4 exd4 10.Nxd4 O-O 11.Nd2  1/2-1/2

[Event "TCh-FIN 2003-4"]
[Site "Finland FIN"]
[Date "2003.09.20"]
[Round "1"]
[White "Maki Uuro,Mi"]
[Black "Sepp,O"]
[Result "0-1"]
[WhiteElo "2391"]
[BlackElo "2425"]

1.d4 Nf6 2.Bg5 e6 3.Nd2 d6 4.e4 Nbd7 5.c3 h6 6.Bh4 Be7 7.Bd3 e5 8.Ngf3 Nh5
9.Bg3 Nxg3 10.hxg3 Bf6 11.Nc4 g6 12.Qd2 Bg7 13.O-O O-O 14.a4 a5 15.dxe5 dxe5
16.b4 axb4 17.cxb4 Qe7 18.Ne3 c6 19.Rfc1 Rd8 20.Qc3 Nf8 21.b5 Bd7 22.Bc4 Ne6
23.bxc6 Bxc6 24.Nd5 Qd6 25.a5 Rab8 26.Rd1 Kh8 27.Qe3 Qc5 28.Qxc5 Nxc5 29.Nc3 Kg8
30.Nd2 Rd4 31.Bd5 Bxd5 32.exd5 e4 33.Rab1 Rc8 34.Kf1 f5 35.Nb3 Nxb3 36.Rxb3 Rxc3
37.Rxd4 Rxb3  0-1

[Event "TCh-FIN 2003-4"]
[Site "Finland FIN"]
[Date "2003.09.21"]
[Round "2"]
[White "Salimaki,J"]
[Black "Nyysti,S"]
[Result "1-0"]
[WhiteElo "2209"]
[BlackElo "2399"]

1.d4 Nf6 2.Bg5 e6 3.e4 h6 4.Bxf6 Qxf6 5.Nc3 d6 6.Qd2 c6 7.f4 e5 8.dxe5 dxe5
9.fxe5 Qxe5 10.Nf3 Qa5 11.Bc4 Nd7 12.Qf4 Qh5 13.g4 Qg6 14.O-O-O Be7 15.h4 O-O
16.g5 b5 17.Bb3 Nc5 18.Ne5 Nxb3+ 19.axb3 hxg5 20.Nxg6  1-0

[Event "3rd ch-Euro Senior"]
[Site "Saint Vincent ITA"]
[Date "2003.09.23"]
[Round "7"]
[White "Kahn,Ma"]
[Black "Neese,H"]
[Result "1/2-1/2"]
[WhiteElo "2165"]
[BlackElo "2260"]

1.d4 Nf6 2.Bg5 e6 3.e4 h6 4.Bxf6 Qxf6 5.Nc3 d6 6.Qd2 a6 7.f4 Qe7 8.Nf3 Nd7
9.Be2 b5 10.a3 Bb7 11.O-O g6 12.Rfe1 Bg7 13.Bf1 O-O 14.a4 c6 15.Nd1 Qd8 16.Nf2 Qb6
17.a5  1/2-1/2

[Event "7th Itau Cup"]
[Site "Sao Paulo BRA"]
[Date "2003.10.01"]
[Round "5"]
[White "Vera,IJ"]
[Black "De Souza,M"]
[Result "1/2-1/2"]
[WhiteElo "2189"]
[BlackElo "2361"]

1.d4 Nf6 2.Bg5 e6 3.Nf3 c5 4.c3 Qb6 5.Qb3 d5 6.Nbd2 Nc6 7.e3 Bd6 8.dxc5 Bxc5
9.Bd3 Bd7 10.Qxb6 Bxb6 11.e4 Nxe4 12.Nxe4 dxe4 13.Bxe4 f6 14.Be3 Bxe3 15.fxe3 Ke7
16.Kf2 h6 17.Rad1 Rhd8 18.Rd2 Be8 19.Rhd1 Rxd2+ 20.Rxd2 Rc8 21.c4 b6 22.b3 Nd8
23.Nd4 Nf7 24.Bg6 Nd6 25.Bxe8 Ne4+ 26.Ke2 Nxd2 27.Bg6 Nxc4 28.bxc4 Rxc4 29.Bc2 e5
30.Nf5+ Kf8 31.Bb3 Rc1 32.e4 b5 33.Ne3 g6 34.Kd2 Rc5 35.Bc2 Kg7 36.Kc1 Rc8
37.Kb2 Rd8 38.Kc3 a5 39.Bd3 Rc8+ 40.Kb2 Rc5 41.Be2 Kf7 42.a3 Ke6 43.Nd5 f5
44.Nc3 b4 45.axb4 axb4 46.Na2 fxe4 47.Nxb4 Kd6 48.Nc2 Rc8 49.Kc1 Kc5 50.Kd2 Ra8
51.Ke3 Ra4 52.h4 Ra2 53.Bd1 Ra4 54.h5 gxh5 55.Bxh5 Ra2 56.Ne1 Ra1 57.Nc2 Ra2
58.Bd1 Ra4 59.Be2 Ra2 60.Ne1 Ra1 61.Nc2 Ra2 62.Bd1 Ra4 63.Kf2 Ra2 64.Kf1 Kc4
65.Be2+ Kc3 66.Ne3 Ra8 67.Ke1 Ra1+ 68.Kf2 Ra8 69.Ke1 Ra1+ 70.Kf2  1/2-1/2

[Event "2nd It"]
[Site "Klaksvik FAI"]
[Date "2003.10.09"]
[Round "5"]
[White "Naes,F"]
[Black "Pilgaard,K"]
[Result "1/2-1/2"]
[WhiteElo "2337"]
[BlackElo "2459"]

1.d4 Nf6 2.Bg5 e6 3.e4 h6 4.Bxf6 Qxf6 5.Nc3 b6 6.e5 Qd8 7.Qf3 Nc6 8.Bd3 Bb7
9.Nge2 Be7 10.Qg3 O-O 11.a3 a6 12.Qe3 Na7 13.Ne4 d5 14.N4g3 c5 15.c3 cxd4
16.cxd4 Nc6 17.O-O Na5 18.Nh5 Kh8 19.f4 Nc4 20.Qh3 Nd2 21.Rf2 Ne4 22.Rf3 g6
23.Nf6 Bxf6 24.Qxh6+ Kg8 25.Rh3 Re8 26.exf6 Qxf6 27.Qh7+ Kf8 28.Bxe4 dxe4
29.Rc1 Rac8 30.Qh8+ Ke7 31.Qxf6+ Kxf6 32.Rhc3 Rxc3 33.Rxc3 Rc8 34.Rxc8 Bxc8
35.Kf2 Ke7 36.g4 f5 37.g5 a5 38.Nc3 Bd7 39.Ke3 Bc6 40.b4 axb4 41.axb4  1/2-1/2

[Event "EuTCh w"]
[Site "Plovdiv BUL"]
[Date "2003.10.14"]
[Round "4"]
[White "Zielinska,Mar"]
[Black "Bojkovic,N"]
[Result "1/2-1/2"]
[WhiteElo "2429"]
[BlackElo "2408"]

1.d4 Nf6 2.Bg5 e6 3.e4 h6 4.Bxf6 Qxf6 5.Nc3 Bb4 6.Qd2 c5 7.e5 Qd8 8.d5 O-O
9.f4 exd5 10.Qxd5 Qa5 11.Ne2 Nc6 12.a3 d6 13.exd6 Bg4 14.Kf2 Be6 15.Qh5 c4
16.Qxa5 Bxa5 17.Rd1 Bf5 18.Kf3 Bxc2 19.Rd2 Bd3 20.Nc1 Nd4+ 21.Kg4 Bf5+ 22.Kg3 Nb3
23.Nxb3 cxb3 24.Bd3 Bd7 25.Be4 Rab8 26.Bd5 Rbc8 27.Rc1 Rfe8 28.Re2 Rxe2 29.Nxe2 Re8
30.Kf3 h5 31.h3 Bb6 32.Rc3 Bb5 33.Ng3 g6 34.Rxb3 Ba4 35.Rd3 Kg7 36.Ne4 Bb5
37.Rb3 Ba4 38.Rd3 Bb5 39.Rb3 Ba4 40.Rd3  1/2-1/2

[Event "300 Years"]
[Site "St Petersburg RUS"]
[Date "2003.10.19"]
[Round "2"]
[White "Shpagin,V"]
[Black "Sambuev,B"]
[Result "0-1"]
[WhiteElo "1994"]
[BlackElo "2507"]

1.d4 Nf6 2.Bg5 e6 3.e4 h6 4.Bxf6 Qxf6 5.Qd2 d5 6.e5 Qd8 7.f4 c5 8.c3 Nc6
9.Nf3 Qb6 10.Be2 Be7 11.O-O Bd7 12.Na3 cxd4 13.cxd4 O-O 14.Nc2 f6 15.h4 Be8
16.g4 fxe5 17.fxe5 Bg6 18.Ne3 Be4 19.Rad1 Bb4  0-1

[Event "300 Years"]
[Site "St Petersburg RUS"]
[Date "2003.10.19"]
[Round "2"]
[White "Chepukaitis,G"]
[Black "Aseev,K"]
[Result "1/2-1/2"]
[WhiteElo "2428"]
[BlackElo "2535"]

1.d4 Nf6 2.Bg5 e6 3.Nd2 h6 4.Bxf6 Qxf6 5.Ngf3 g6 6.g3 Bg7 7.Bg2 d6 8.O-O O-O
9.e3 Qe7 10.c3 e5 11.b4 Nd7 12.a4 c6 13.Nc4 e4 14.Nfd2 d5 15.Na5 Nf6 16.Re1 Bg4
17.Qc2 Rac8 18.Nab3 b6 19.a5 b5 20.Nc5 Rce8 21.f3 exf3 22.Bxf3 Bxf3 23.Nxf3 Ne4
24.Nxe4 Qxe4 25.Qxe4 Rxe4 26.Kf2 Rfe8 27.Re2 f5 28.h4 Bf6 29.Rh1 Kg7 30.Ree1 h5
31.Re2 Kf7 32.Ne1 Be7 33.Nd3 Bd6 34.Nf4 Kf6 35.Kf3 R4e7 36.Ree1 Re4 37.Re2 R4e7
38.Ree1 Re4 39.Re2  1/2-1/2

[Event "Classics II IM"]
[Site "Gausdal NOR"]
[Date "2003.10.21"]
[Round "1"]
[White "Ekeberg,C"]
[Black "Thinius,M"]
[Result "1/2-1/2"]
[WhiteElo "2243"]
[BlackElo "2389"]

1.d4 Nf6 2.Bg5 e6 3.e4 c5 4.e5 h6 5.Bc1 Nh7 6.d5 exd5 7.Qxd5 Nc6 8.Nf3 Ng5
9.Nbd2 Nb4 10.Qb3 d5 11.exd6 Bxd6 12.a3 Qe7+ 13.Be2 Be6 14.Qa4+ Bd7 15.Qb3 Be6
16.Qa4+ Bd7 17.Qb3 Nxf3+ 18.Nxf3 c4 19.Qc3 O-O 20.O-O Qxe2 21.axb4 Bf5 22.Nd4 Qh5
23.h3 Be5 24.Ra5 Bxd4 25.Qxd4 Qg6 26.Kh1 Bxc2 27.Rxa7 Qd3 28.Qxd3 cxd3 29.Rxa8 Rxa8
30.Re1 Ra2 31.Kh2 f6 32.Kg3 Kf7 33.Kf3 b5 34.Ke3 Ke6 35.Kd4+ Kd6 36.Bf4+ Kd7
37.Bc1 Kd6 38.Bf4+ Kd7 39.Bc1 Ra1 40.Bd2 Ra8 41.Bc3 Rc8 42.Ke3 Kd6 43.Kd2 Rc7
44.Re4 Ra7 45.Re1 Kd5 46.Re3 Rd7 47.Re1 Kc4 48.Re3 Kb3 49.Re4 Ka4 50.Re3 Kb3
51.Re4 h5 52.h4 Ra7 53.f3 Ra1 54.Re1 Rxe1  1/2-1/2

[Event "300 Years"]
[Site "St Petersburg RUS"]
[Date "2003.10.23"]
[Round "6"]
[White "Kulakov,V"]
[Black "Halyavskiy,N"]
[Result "0-1"]
[WhiteElo "2146"]
[BlackElo "2312"]

1.d4 Nf6 2.Bg5 e6 3.e3 c5 4.c3 b6 5.Nf3 Bb7 6.Nbd2 Be7 7.Bd3 Nc6 8.O-O h6
9.Bxf6 Bxf6 10.Qe2 Rb8 11.Rfe1 O-O 12.Rad1 cxd4 13.exd4 Ne7 14.Ne4 Ng6 15.Bb1 d6
16.Qd3 Re8 17.c4 Be7 18.Ng3 Qc7 19.d5 exd5 20.cxd5 Bf6 21.Nf5 Qc5 22.b3 Rbd8
23.Ne3 Qc3 24.Qb5 Nf4 25.Nc4 Rxe1+ 26.Rxe1 g6 27.Re3 Qa1 28.Re1 Bc3 29.Rf1 Bxd5
30.Ne3 Be6 31.Bxg6 Qxa2 32.Bc2 d5 33.g3 Bd7  0-1

[Event "Classics II GM"]
[Site "Gausdal NOR"]
[Date "2003.10.26"]
[Round "8"]
[White "Orr,M"]
[Black "Kulaots,K"]
[Result "0-1"]
[WhiteElo "2352"]
[BlackElo "2530"]

1.d4 Nf6 2.Bg5 e6 3.c3 c5 4.e3 cxd4 5.exd4 b6 6.Nf3 Be7 7.Bd3 Ba6 8.O-O Bxd3
9.Qxd3 Nc6 10.Nbd2 O-O 11.Ne5 Qc7 12.Bxf6 Bxf6 13.f4 g6 14.Rae1 Ne7 15.g4 Bg7
16.g5 h5 17.Qh3 b5 18.Rf3 d6 19.Nd3 Nd5 20.Ne4 a5 21.Ng3 b4 22.Nxh5 gxh5
23.f5 exf5 24.Qxh5 Rfe8 25.Ref1 Ne3 26.Rc1 bxc3 27.bxc3 Re4 28.h3 Qc4 29.Nf2 Qe2  0-1

[Event "WYb18"]
[Site "Halkidiki GRE"]
[Date "2003.10.26"]
[Round "4"]
[White "Pixton,A"]
[Black "Barbosa,O PHI"]
[Result "1-0"]
[WhiteElo "2445"]
[BlackElo "2293"]

1.d4 Nf6 2.Bg5 e6 3.e4 h6 4.Bxf6 Qxf6 5.c3 d6 6.Bd3 e5 7.Ne2 g6 8.O-O Bg7
9.f4 Qe7 10.f5 O-O 11.Nd2 c5 12.fxg6 fxg6 13.Qb3+ Be6 14.Bc4 Bxc4 15.Nxc4 Rxf1+
16.Rxf1 Kh7 17.Ne3 exd4 18.Nd5 Qd7 19.Rf8 h5 20.Nf6+ Bxf6 21.Rf7+ Bg7 22.Rxd7 Nxd7
23.cxd4 cxd4 24.Qxb7 Rd8 25.Qc7 Bf6 26.Nf4 d3 27.Ne6 d2 28.Qxd6 Re8 29.Qxd7+ Re7
30.Qxd2 Rxe6 31.Qd3 Bg7 32.b4 Rc6 33.Kf2 Rc3 34.Qd5 Rc2+ 35.Kf3 Rc3+ 36.Ke2 Rc2+
37.Kf3 Rc3+ 38.Ke2 Rc2+ 39.Kd3 Rxg2 40.e5 Rg5 41.Qd7 Rxe5 42.Qxa7 Rd5+ 43.Kc2 Re5
44.Kd3 Rd5+ 45.Kc2 Re5 46.a4 Re2+ 47.Kd3 Rxh2 48.Qb7 Rh3+ 49.Ke2 Kh6 50.a5 Ra3
51.a6 Bd4 52.b5 h4 53.b6 Ra2+ 54.Kf1 Ra1+ 55.Kg2 Ra2+ 56.Kh3 Ra3+ 57.Kxh4 Bf6+
58.Kg4 Be5 59.Qh1+ Kg7 60.Qf3  1-0

[Event "300 Years"]
[Site "St Petersburg RUS"]
[Date "2003.10.26"]
[Round "9"]
[White "Shpagin,V"]
[Black "Zuttis,S"]
[Result "1/2-1/2"]
[WhiteElo "1994"]
[BlackElo "2264"]

1.d4 Nf6 2.Bg5 e6 3.e4 Be7 4.e5 Nd5 5.Bxe7 Qxe7 6.c4 Nb6 7.Nc3 d6 8.f4 Bd7
9.Nf3 dxe5 10.fxe5 f6 11.c5 Nd5 12.exf6 Qxf6 13.Bc4 Ne3 14.Qe2 Qf4 15.Nd1 Nxc4
16.Qxc4 O-O 17.O-O Nc6 18.Nc3 Kh8 19.Rae1 Rae8 20.Re4 Qf6 21.Qe2 a6 22.Re1 Rc8
23.Ne5 Nxe5 24.Rxe5 Bc6 25.Ne4 Bxe4 26.Rxe4 Rcd8 27.Rf1 Qxf1+ 28.Qxf1 Rxf1+
29.Kxf1 Kg8 30.Rxe6 Rxd4 31.Re8+ Kf7 32.Rb8 Rc4 33.Rxb7 Rxc5 34.b4 Rc2 35.a4 Ke6
36.Ra7 Rc6 37.b5 axb5 38.axb5 Rc1+ 39.Ke2 g5 40.Ra6+ Kf5 41.Rh6 Rb1  1/2-1/2